Normal view
MARC view
Entry Personal Name
001 - CONTROL NUMBER
- control field: 60642
003 - CONTROL NUMBER IDENTIFIER
- control field: dpl
005 - DATE AND TIME OF LATEST TRANSACTION
- control field: 20240104123818.0
008 - FIXED-LENGTH DATA ELEMENTS
- fixed length control field: 240104|| aca||aabn | a|a d
040 ## - CATALOGING SOURCE
- Original cataloging agency: dpl
- Transcribing agency: dpl
100 ## - HEADING--PERSONAL NAME
- Personal name: Keshari, Kanchan
670 ## - SOURCE DATA FOUND
- Source citation: Work cat.: (dpl)199958: Keshari, Kanchan, 5000+ Daily Use English Sentences/, 2023
